[Event "Moscow Open 2010 D"]
[Site "?"]
[Date "2009.02.07"]
[Round "9.38"]
[White "Rakaev, Rishat"]
[Black "Komarov, Anatoly"]
[Result "0-1"]
[WhiteElo "1982"]
[BlackElo "2020"]
[PlyCount "88"]
[EventDate "2009.01.30"]

1. d4 d5 2. c4 e5 3. dxe5 d4 4. f4 Bc5 5. Nf3 a5 6. Nbd2 a4 7. Ne4 Bb4+ 8. Bd2
Nc6 9. Bxb4 Nxb4 10. a3 Nc6 11. Qd2 Nge7 12. e3 Nf5 13. exd4 Nfxd4 14. Kf2 Bg4
15. Nxd4 Nxd4 16. h3 Nb3 17. Qxd8+ Rxd8 18. Re1 Bf5 19. Nc3 Nc5 20. g4 Bc2 21.
Ke3 O-O 22. Rh2 Bb3 23. Nb5 Rd7 24. f5 Re8 25. Kf3 c6 26. e6 fxe6 27. Re5 b6
28. Nc3 Kf7 29. Ne4 Nxe4 30. Rxe4 exf5 31. Rf4 Bd1+ 32. Be2 Rd2 33. Rxf5+ Kg8
34. Bxd1 Rxh2 35. Bxa4 Rxh3+ 36. Kg2 Rh6 37. Kg3 Re2 38. b3 Ra2 39. Rf3 Rxa3
40. Rd3 Re6 41. Kf4 Ra1 42. Kf5 Rf6+ 43. Kg5 h6+ 44. Kh4 Kh7 0-1

[Event "Moscow Open 2010 D"]
[Site "?"]
[Date "2009.02.07"]
[Round "9.40"]
[White "Bazilevitch, Jurij"]
[Black "Skoriak, Ivan"]
[Result "1-0"]
[WhiteElo "2053"]
[BlackElo "1933"]
[PlyCount "91"]
[EventDate "2009.01.30"]

1. d4 Nf6 2. c4 c5 3. e3 g6 4. Nc3 cxd4 5. exd4 Bg7 6. Nf3 d6 7. h3 O-O 8. Bd3
a6 9. O-O Re8 10. Re1 Nbd7 11. Rb1 e6 12. a3 Nf8 13. b4 h6 14. Bd2 b6 15. Qc1
g5 16. Nh2 Bb7 17. Ne2 Ne4 18. Be3 f5 19. Nc3 Nf6 20. f3 Rc8 21. Bf2 N8d7 22.
Qd2 f4 23. Rec1 e5 24. d5 Rb8 25. Ng4 Qe7 26. Nxf6+ Bxf6 27. Bf5 Bc8 28. Ne4
Rd8 29. Qa2 Kg7 30. a4 Nf8 31. Bxc8 Rdxc8 32. a5 b5 33. c5 dxc5 34. Bxc5 Qd7
35. Rc2 Rd8 36. Bxf8+ Rxf8 37. Rbc1 Qa7+ 38. Kh1 Qe3 39. Rc7+ Rf7 40. d6 Rbf8
41. Kh2 h5 42. Qe6 Kg6 43. Rxf7 Rxf7 44. Rc7 Rf8 45. d7 g4 46. hxg4 1-0

[Event "Moscow Open 2010 D"]
[Site "?"]
[Date "2009.02.07"]
[Round "9.41"]
[White "Samatov, Anatolij"]
[Black "Smolsky, Yury"]
[Result "1-0"]
[WhiteElo "2003"]
[BlackElo "1926"]
[PlyCount "171"]
[EventDate "2009.01.30"]

1. Nf3 Nf6 2. c4 g6 3. Nc3 c5 4. d4 cxd4 5. Nxd4 Nc6 6. e4 Bg7 7. Be2 O-O 8.
Be3 d6 9. O-O a6 10. h3 Bd7 11. Qd2 Qa5 12. Nb3 Qc7 13. Rac1 Rfc8 14. f4 e6 15.
Bf3 Bh6 16. Na4 Re8 17. Rfd1 e5 18. Qxd6 Qxd6 19. Rxd6 exf4 20. Bf2 Ne5 21. Nb6
Be6 22. Nxa8 Rxa8 23. Rcd1 Nfd7 24. c5 Bf8 25. R6d2 Bxb3 26. axb3 Nxc5 27. b4
Ne6 28. Rd5 Nxf3+ 29. gxf3 Bxb4 30. Rd7 b5 31. Rb7 Bc5 32. Bxc5 Nxc5 33. Rc7
Ne6 34. Rc6 a5 35. Rb6 b4 36. Rd7 Rc8 37. Rd2 Rc5 38. Rbd6 b3 39. R6d5 a4 40.
Rxc5 Nxc5 41. Rd5 a3 42. bxa3 b2 43. Rd8+ Kg7 44. Rb8 Na4 45. e5 g5 46. Kf1 h5
47. Ke1 Kg6 48. Kd2 Kf5 49. Kc2 g4 50. hxg4+ hxg4 51. fxg4+ Kxg4 52. Rb4 Nc5
53. Rc4 Nd3 54. Rd4 Nxe5 55. Kxb2 Kf5 56. Kc3 f3 57. Kd2 Ke6 58. Ke3 f5 59. a4
Nc6 60. Rd1 Ne5 61. Kf2 Nc4 62. Kxf3 Ke5 63. Rd8 Ke6 64. Kf4 Ke7 65. Rd4 Na5
66. Kxf5 Nb7 67. Rb4 Na5 68. Rb5 Nc6 69. Ke4 Kd7 70. Kd5 Ne7+ 71. Kc5 Kc7 72.
Rb1 Nc8 73. Rh1 Kb7 74. a5 Na7 75. Rh6 Nc8 76. a6+ Ka7 77. Kb5 Ka8 78. Rh8 Ka7
79. Kc6 Nb6 80. Kb5 Nc8 81. Rd8 Nb6 82. Re8 Nc8 83. Re6 Ka8 84. Kc6 Na7+ 85.
Kc7 Nb5+ 86. Kb6 1-0

[Event "Moscow Open 2010 D"]
[Site "?"]
[Date "2009.02.07"]
[Round "9.43"]
[White "Blagonadezhnaya, Ideya"]
[Black "Shmyreva, Tatiana"]
[Result "0-1"]
[WhiteElo "1985"]
[BlackElo "1788"]
[PlyCount "102"]
[EventDate "2009.01.30"]

1. e4 b6 2. Nf3 Bb7 3. d3 g6 4. g3 Bg7 5. Bg2 d6 6. O-O Nd7 7. c3 e5 8. Be3 Ne7
9. Na3 O-O 10. Qd2 Kh8 11. Bh6 Ng8 12. Bxg7+ Kxg7 13. Nc2 d5 14. exd5 Bxd5 15.
Rfe1 Qf6 16. Nxe5 Nxe5 17. Bxd5 c6 18. Bg2 Rad8 19. d4 Nc4 20. Qc1 Rfe8 21. Ne3
Nxe3 22. Rxe3 Qd6 23. Qe1 Nf6 24. Qe2 Rxe3 25. Qxe3 Re8 26. Qf3 c5 27. dxc5
Qxc5 28. Rd1 h5 29. Qd3 Ng4 30. Qf3 Re7 31. h3 Ne5 32. Qd5 Qxd5 33. Rxd5 Nc4
34. b3 Re1+ 35. Kh2 Na3 36. Rd7 Re2 37. Rxa7 Nb5 38. Bf1 Rxf2+ 39. Kg1 Nxa7 40.
Kxf2 Nc6 41. Ke3 Kf6 42. Kd3 Ne5+ 43. Kd4 Ke6 44. a4 f6 45. a5 Nc6+ 46. Ke3
Nxa5 47. Bc4+ Nxc4+ 48. bxc4 Ke5 49. Kf3 Kd6 50. Ke3 Kc5 51. Kf3 Kxc4 0-1

[Event "Moscow Open 2010 D"]
[Site "?"]
[Date "2009.02.07"]
[Round "9.45"]
[White "Surov, Anatoly"]
[Black "Onoprienko, Elena"]
[Result "0-1"]
[WhiteElo "1878"]
[BlackElo "1971"]
[PlyCount "46"]
[EventDate "2009.01.30"]

1. e4 e5 2. f4 d5 3. exd5 e4 4. Nc3 Nf6 5. d3 Bb4 6. Qe2 O-O 7. Bd2 Re8 8.
O-O-O Bg4 9. Qf2 Bxd1 10. Kxd1 e3 11. Bxe3 Ng4 12. Qf3 Nxe3+ 13. Kc1 Nxf1 14.
Qxf1 Bxc3 15. bxc3 Qxd5 16. Kb2 Qb5+ 17. Kc1 Qa5 18. Kd2 Nd7 19. Ne2 Rad8 20.
Qb1 Nc5 21. Re1 Ne4+ 22. Kd1 Nxc3+ 23. Nxc3 Qxc3 0-1

[Event "Moscow Open 2010 D"]
[Site "?"]
[Date "2009.02.07"]
[Round "9.46"]
[White "Elfert, Aleksandr V"]
[Black "Komov, Sergey"]
[Result "1-0"]
[WhiteElo "1957"]
[BlackElo "1834"]
[PlyCount "39"]
[EventDate "2009.01.30"]

1. Nf3 d5 2. d4 g6 3. Nc3 Bg7 4. e4 dxe4 5. Nxe4 Nf6 6. Bd3 O-O 7. O-O Nc6 8.
c3 Nd5 9. Re1 Bg4 10. h3 Bxf3 11. Qxf3 e5 12. Bg5 f6 13. Bh4 exd4 14. Bc4 Kh8
15. Nc5 Ne5 16. Qxd5 Qxd5 17. Bxd5 c6 18. cxd4 cxd5 19. dxe5 fxe5 20. Ne6 1-0

[Event "Moscow Open 2010 D"]
[Site "?"]
[Date "2009.02.07"]
[Round "9.47"]
[White "Radchenko, Grigory"]
[Black "Jakovlev, Alexander"]
[Result "0-1"]
[WhiteElo "1838"]
[BlackElo "1938"]
[PlyCount "64"]
[EventDate "2009.01.30"]

1. Nf3 d5 2. d4 Nf6 3. Nbd2 g6 4. c3 Bg7 5. Ne5 Nbd7 6. Ndf3 c6 7. Bg5 Ne4 8.
Bh4 f6 9. Nd3 g5 10. Bg3 O-O 11. e3 h5 12. h4 g4 13. Nd2 Nxg3 14. fxg3 Qc7 15.
Nf4 e5 16. Nxh5 f5 17. Nxg7 Kxg7 18. Kf2 Nf6 19. Be2 f4 20. Nf1 Ne4+ 21. Ke1
fxg3 22. Rg1 Qf7 23. Bf3 gxf3 24. gxf3 Qxf3 25. Qxf3 Rxf3 26. Kd1 exd4 27. exd4
Kh6 28. Kc2 Bh3 29. Nd2 Nxd2 30. Kxd2 Raf8 31. Ke2 Rf2+ 32. Ke3 R8f3# 0-1

[Event "Moscow Open 2010 D"]
[Site "?"]
[Date "2009.02.07"]
[Round "9.49"]
[White "Osipov, Anatoly"]
[Black "Ibragimov, Eduard"]
[Result "0-1"]
[WhiteElo "1805"]
[BlackElo "1920"]
[PlyCount "82"]
[EventDate "2009.01.30"]

1. e4 c6 2. d4 d5 3. e5 Bf5 4. Nf3 Bg4 5. Be3 e6 6. a3 a5 7. Nbd2 b5 8. c3 Nd7
9. Bd3 Ne7 10. h3 Bf5 11. Be2 h6 12. g4 Bh7 13. g5 Nf5 14. gxh6 Nxe3 15. hxg7
Bxg7 16. fxe3 Bh6 17. Nf1 Be4 18. Bd3 Nb6 19. Qe2 Bg5 20. O-O-O Bxd3 21. Rxd3
b4 22. Nxg5 Qxg5 23. Nd2 bxa3 24. bxa3 Qe7 25. Nb1 Nc4 26. Qa2 Rb8 27. Rh2 Qb7
28. a4 Rg8 29. Na3 Rg1+ 30. Rd1 Rxd1+ 31. Kxd1 Nxa3 32. Qxa3 Qb1+ 33. Qc1 Qd3+
34. Rd2 Qxe3 35. Rc2 Qf3+ 36. Ke1 Qxh3 37. Rf2 Qh1+ 38. Rf1 Qe4+ 39. Kd2 Qg2+
40. Ke3 Rb2 41. Rf6 Qe4# 0-1

[Event "Moscow Open 2010 D"]
[Site "?"]
[Date "2009.02.07"]
[Round "9.50"]
[White "Lisachenko, Natalia"]
[Black "Gimazov, Evgeny"]
[Result "1-0"]
[WhiteElo "1913"]
[BlackElo "1808"]
[PlyCount "107"]
[EventDate "2009.01.30"]

1. d4 Nf6 2. c4 e6 3. Nf3 d5 4. Bg5 Be7 5. e3 h6 6. Bh4 O-O 7. Nc3 c6 8. Rc1
Nbd7 9. Bd3 dxc4 10. Bxc4 b5 11. Bd3 Bb7 12. O-O a6 13. Bb1 Rc8 14. Bxf6 Nxf6
15. Ne4 Nxe4 16. Bxe4 Bf6 17. Qe2 Qe7 18. Rc5 Rfd8 19. Rfc1 Qd7 20. h3 g6 21.
Ne5 Bxe5 22. Rxe5 Qe7 23. Rec5 Kg7 24. Bxc6 Bxc6 25. Rxc6 Rxc6 26. Rxc6 Rd6 27.
Rc5 Qd8 28. Qc2 Qa5 29. a3 Rd5 30. Qc3 Qa4 31. b4 Qd1+ 32. Kh2 h5 33. Qc2 Qa1
34. Qc3 Qf1 35. Qc2 Kf6 36. Rc6 Rf5 37. f4 g5 38. g3 gxf4 39. gxf4 Qf3 40. Rc3
h4 41. Qg2 Qd1 42. Qf2 Kg6 43. Rc8 Kg7 44. e4 Rh5 45. e5 Rh6 46. Rc3 Rg6 47.
Rf3 Qb1 48. f5 exf5 49. Rxf5 Rg3 50. Rxf7+ Kh6 51. Qf6+ Kh5 52. Qh8+ Kg5 53.
Rg7+ Kf4 54. Qxh4+ 1-0

[Event "Moscow Open 2010 D"]
[Site "?"]
[Date "2009.02.07"]
[Round "9.51"]
[White "Amelichkin, Nikolay"]
[Black "Bavina, Lyudmila"]
[Result "0-1"]
[WhiteElo "1728"]
[BlackElo "1900"]
[PlyCount "128"]
[EventDate "2009.01.30"]

1. d4 g6 2. e4 d6 3. Nf3 Bg7 4. Be3 Nf6 5. Nbd2 Ng4 6. Bg5 h6 7. Bh4 c6 8. h3
Nf6 9. Bd3 Qc7 10. Bg3 Nh5 11. Bh2 e5 12. g4 Nf4 13. Bf1 g5 14. Bxf4 exf4 15.
c3 Be6 16. Bd3 a5 17. O-O Nd7 18. Re1 O-O-O 19. Nc4 b5 20. Ncd2 Nb6 21. d5 cxd5
22. Bxb5 Kb7 23. Nd4 Bd7 24. Bf1 Qc8 25. Qe2 Kb8 26. Nf5 Be5 27. Ne7 Qb7 28.
exd5 Rde8 29. Nc6+ Bxc6 30. dxc6 Qa7 31. Qb5 Kc7 32. Bg2 h5 33. Nf3 f6 34. Nxe5
fxe5 35. Bf3 hxg4 36. Bxg4 Re7 37. Rad1 Nc8 38. Rd5 Qb6 39. Qxa5 Qxa5 40. Rxa5
Kxc6 41. Re4 Nb6 42. Kg2 d5 43. Re2 e4 44. f3 e3 45. b4 Ra8 46. Rxa8 Nxa8 47.
a4 Nb6 48. a5 Na4 49. Kf1 Nxc3 50. Rc2 d4 51. Bf5 Kb5 52. Bd3+ Kxb4 53. a6 Kb3
54. Rh2 Nd5 55. h4 gxh4 56. Rxh4 Nb4 57. Bb5 d3 58. Rh1 Kc3 59. Kg2 Nc2 60. Bc6
Rg7+ 61. Kf1 Kd2 62. Bb5 e2+ 63. Kf2 Ne3 64. Bxd3 Rg2# 0-1

[Event "Moscow Open 2010 D"]
[Site "?"]
[Date "2009.02.07"]
[Round "9.52"]
[White "Churusova, Ekaterina"]
[Black "Mednikova, Anna"]
[Result "0-1"]
[WhiteElo "1743"]
[BlackElo "1897"]
[PlyCount "50"]
[EventDate "2009.01.30"]

1. d4 d5 2. Nf3 Nf6 3. e3 Bg4 4. h3 Bh5 5. c4 e6 6. Nbd2 Nbd7 7. Qb3 Qc8 8. c5
c6 9. Bd3 Qc7 10. Qc2 e5 11. dxe5 Nxe5 12. Nxe5 Qxe5 13. O-O Be7 14. Re1 Bg6
15. Nf3 Bxd3 16. Qxd3 Qh5 17. b4 O-O 18. Bb2 Rfe8 19. Bd4 Rad8 20. a4 Ne4 21.
Rac1 Ng5 22. Nh2 Bf8 23. b5 Re6 24. a5 cxb5 25. g4 Nxh3+ 0-1

[Event "Moscow Open 2010 D"]
[Site "?"]
[Date "2009.02.07"]
[Round "9.53"]
[White "Zakharova, Lidiya"]
[Black "Petukhov, Nikolay"]
[Result "1/2-1/2"]
[WhiteElo "1858"]
[BlackElo "1765"]
[PlyCount "67"]
[EventDate "2009.01.30"]

1. d4 d5 2. c4 e6 3. Nc3 c6 4. e4 Bb4 5. cxd5 exd5 6. e5 Ne7 7. Bd3 O-O 8. Nge2
c5 9. O-O c4 10. Bc2 Bg4 11. f3 Bh5 12. g4 Bg6 13. Bg5 Nbc6 14. f4 f6 15. Bxg6
fxg5 16. Bc2 Bxc3 17. bxc3 gxf4 18. Nxf4 Qa5 19. Qd2 b5 20. Rae1 Qb6 21. Kh1
Nd8 22. Nh5 Ne6 23. Bf5 Ng6 24. Rf2 a5 25. a3 b4 26. Rb1 b3 27. Rbf1 Rab8 28.
Rb1 a4 29. Qd1 Rbe8 30. Qd2 Qd8 31. Rbf1 Qe7 32. Qc1 Qc7 33. Qe3 Qb6 34. Qd2
1/2-1/2

[Event "Moscow Open 2010 D"]
[Site "?"]
[Date "2009.02.07"]
[Round "9.54"]
[White "Morozov, Boris"]
[Black "Vasiukova, Renata D"]
[Result "1-0"]
[WhiteElo "1964"]
[BlackElo "1576"]
[PlyCount "57"]
[EventDate "2009.01.30"]

1. e4 c6 2. d4 d6 3. c3 Nd7 4. Be3 e5 5. Nd2 Ngf6 6. Be2 Be7 7. f4 c5 8. dxe5
dxe5 9. f5 a6 10. Qc2 b5 11. Nh3 h6 12. a4 Bb7 13. O-O Bc6 14. axb5 axb5 15. b3
O-O 16. Kh1 Qc7 17. Nf2 Qb7 18. Bf3 Rxa1 19. Rxa1 Rd8 20. Rg1 Kh7 21. g4 g5 22.
fxg6+ fxg6 23. g5 hxg5 24. Bxg5 Ng8 25. Be3 Ngf6 26. Qd3 Re8 27. Qf1 Bf8 28.
Qh3+ Nh5 29. Bxh5 1-0

[Event "Moscow Open 2010 D"]
[Site "?"]
[Date "2009.02.07"]
[Round "9.55"]
[White "Korneeva, Tamara"]
[Black "Artemenko, Rimma"]
[Result "1-0"]
[WhiteElo "1827"]
[BlackElo "1590"]
[PlyCount "67"]
[EventDate "2009.01.30"]

1. d4 e6 2. Nf3 b6 3. g3 Bb7 4. Bg2 f5 5. c4 Nf6 6. Nc3 Bb4 7. O-O O-O 8. Qc2
d6 9. Nd1 d5 10. a3 Be7 11. cxd5 Bxd5 12. Nc3 Nbd7 13. Nxd5 Nxd5 14. e4 fxe4
15. Qxe4 N7f6 16. Qxe6+ Kh8 17. Ne5 Qe8 18. Bxd5 Nxd5 19. Qxd5 Rd8 20. Qc4 Bd6
21. Nc6 Ra8 22. Be3 Rf3 23. Qd5 Qf8 24. Ne5 Bxe5 25. dxe5 Rd8 26. Qe4 Rf5 27.
Rad1 Re8 28. Bd4 c5 29. Bc3 Qf7 30. e6 Rxe6 31. Rd8+ Re8 32. Rxe8+ Qg8 33.
Rxg8+ Kxg8 34. Qe8+ 1-0

[Event "Moscow Open 2010 D"]
[Site "?"]
[Date "2009.02.07"]
[Round "9.56"]
[White "Urbanaites, Elvira"]
[Black "Kapustin, Nikolay"]
[Result "0-1"]
[WhiteElo "1750"]
[BlackElo "1681"]
[PlyCount "122"]
[EventDate "2009.01.30"]

1. e4 e6 2. d4 c5 3. Nf3 Nf6 4. e5 Nd5 5. c4 Nb6 6. d5 exd5 7. cxd5 d6 8. Bb5+
Bd7 9. Bxd7+ Qxd7 10. O-O Be7 11. Bg5 f6 12. exf6 gxf6 13. Bh4 Na6 14. Nc3 Nc7
15. Re1 O-O-O 16. a4 Kb8 17. a5 Nc8 18. Ne4 Rdf8 19. Qb3 a6 20. Rad1 h6 21. Qc3
f5 22. Ng3 Bxh4 23. Nxh4 Rhg8 24. b4 Nb5 25. Qc4 f4 26. Ngf5 Rxf5 27. Nxf5 Qxf5
28. bxc5 f3 29. g3 Qh3 30. Qf1 Qxf1+ 31. Kxf1 dxc5 32. Rc1 Rg4 33. Rxc5 Ra4 34.
Rec1 Ncd6 35. Ke1 Rxa5 36. Rb1 Ra3 37. Rb4 Ra1+ 38. Kd2 Ra3 39. Rf4 Ka7 40. h4
Kb6 41. Rc1 Ka5 42. g4 Rb3 43. g5 hxg5 44. hxg5 Ne8 45. g6 Nbd6 46. Kc2 Rb5 47.
Ra1+ Kb6 48. Rxf3 Rxd5 49. Rb1+ Kc7 50. Rg3 Nf5 51. Rh3 Neg7 52. Rc3+ Kb8 53.
Rh1 Rd6 54. Rg1 Nd4+ 55. Kb2 Ne2 56. Rg4 Nxc3 57. Kxc3 b5 58. Kb4 Ka7 59. Kc5
Rf6 60. Rg2 Rf5+ 61. Kd4 a5 0-1